000 00369nam a22001337a 4500
008 250617b |||||||| |||| 00| 0 eng d
020 _a9781915508041
050 _aSB 123
_b.P 74
100 _aPreston Delbert
245 _aPlant Breeding Biotechnology And Biostatistics
260 _aUnited Kingdon
_bBrilliance Publication
_c2023
300 _a293p
942 _cBK
999 _c3863
_d3863